000 00637nam a22002417a 4500
005 20230210164835.0
008 230210b ||||| |||| 00| 0 eng d
020 _a0712102795
040 _cAL
041 _aeng
082 _223
_a657.42
_bWALB
100 _aWald J
_971920
245 _aBiggs cost accounts Ed 10
250 _a10
260 _aLondon
_bThe English Language Book Society
_c1979
300 _axii,379p.
_bPB
_c21x13cm.
365 _2Commerce
650 _aMaterials
_971921
650 _aPersonnel and Labour Cost
_971922
650 _aBudgetary Control
_971923
700 _aWALD (J)
_971924
942 _2ddc
_cDB
999 _c226663
_d226663